000 00353nam a22001457a 4500
999 _c6457
_d6455
005 20210831150400.0
008 200523b xxu||||| |||| 00| 0 eng d
041 _aeng
082 _a340
100 _aBARE ACT
_95744
245 _aTHE WILD LIFE (PROTECTION ) ACT 1972
260 _aDELHI
_bPROFESSIONAL BOOK PUBLISHERS
300 _a217 p,
942 _cBK